| 000 | 00727aaa a2200205 i 4500 | ||
|---|---|---|---|
| 003 | DO-SdBNP | ||
| 005 | 20241003104600.0 | ||
| 007 | ta | ||
| 008 | 240910e2020 dr pbo|| |||| 00| 0 spa d | ||
| 040 |
_aDO-SdBNP _bspa _cBNPHU _erda |
||
| 082 | _222 | ||
| 110 |
_aSecretaría de Estado de Turismo (República Dominicana) _942466 |
||
| 245 | 1 | 0 |
_aGuía turística de la Costa Este de República Dominicana / _cSecretaría de Estado de Turismo |
| 264 |
_aSanto Domingo : _bSecretaría de Estado de Turismo ; _c2000. |
||
| 300 |
_a48 páginas : _bilustraciones, mapas, fotografías, _c19 com. |
||
| 336 |
_atexto _btxt _2rdacontent |
||
| 337 |
_asin mediación _bn _2rdamedia |
||
| 338 |
_avolumen _bnc _2rdacarrier |
||
| 942 |
_2ddc _cLF2 |
||
| 999 |
_c57637 _d57637 |
||